Lelkünk démonai és angyalai

Elmentve itt :
Bibliográfiai részletek
Szerző: Nyíri Tamás
További közreműködők: König Róbert
Adatforrás:Philobibl
Dokumentumtípus: Könyv
Nyelv:magyar
Kulcsszavak:erkölcsfilozófia
valláselmélet
Megjelent: Budapest Egyházfórum 2006
Kiadás:2. jav. kiad.
LEADER 00493nam a2200157 c 4500
001 bibPHI0036952
005 20200924123738.3
008 100303s2006 hu hun
100 1 |a Nyíri Tamás 
245 1 0 |a Lelkünk démonai és angyalai  |c Nyíri Tamás ; [... rajzok König Róbert] ; [kiad. az] Egyházfórum Alapítvány 
250 |a 2. jav. kiad. 
260 |a Budapest  |b Egyházfórum  |c 2006 
300 |a 223 p. 
695 |a erkölcsfilozófia 
695 |a valláselmélet 
700 1 |a König Róbert